[Event "XXXI Memorial Edoardo Crespi B"]
[Site "Milano ITA"]
[Date "2010.12.04"]
[Round "1"]
[White "Petrone, Gianmario"]
[Black "Bisignano, Giuseppe"]
[Result "1-0"]
[WhiteElo "1778"]
[BlackElo "1898"]
[PlyCount "85"]
[EventDate "2010.12.04"]

1. e4 e5 2. Nf3 Nf6 3. Nxe5 d6 4. Nf3 Nxe4 5. d4 d5 6. Bd3 Be7 7. O-O O-O 8.
Re1 Bf5 9. c4 c6 10. Nc3 Nxc3 11. bxc3 Bxd3 12. Qxd3 Bf6 13. Ba3 Re8 14. cxd5
cxd5 15. Qb5 Nc6 16. Rxe8+ Qxe8 17. Qxd5 Rd8 18. Qb3 Qd7 19. Re1 h5 20. Nd2 Ne5
21. Ne4 Nd3 22. Nxf6+ gxf6 23. Re7 Qd5 24. Qxd5 Rxd5 25. Rxb7 Ra5 26. Rb3 Rf5
27. f3 Rg5 28. c4 Ne1 29. g3 h4 30. Kf2 hxg3+ 31. hxg3 Nc2 32. d5 Rh5 33. Kg2
Re5 34. d6 Re2+ 35. Kh3 Rd2 36. c5 Nd4 37. Rb8+ Kg7 38. d7 Ne6 39. c6 f5 40.
Be7 f6 41. f4 Rd3 42. d8=Q Nxf4+ 43. Kh2 1-0

[Event "XXXI Memorial Edoardo Crespi B"]
[Site "Milano ITA"]
[Date "2010.12.04"]
[Round "1"]
[White "Piazza, Angelo"]
[Black "Motola, Jacopo"]
[Result "1-0"]
[WhiteElo "1959"]
[BlackElo "1837"]
[PlyCount "93"]
[EventDate "2010.12.04"]

1. Nf3 d5 2. b4 e6 3. Bb2 Nf6 4. a3 c5 5. bxc5 Bxc5 6. e3 Nc6 7. Be2 Qc7 8. O-O
e5 9. d4 Bd6 10. dxe5 Nxe5 11. Bxe5 Bxe5 12. Nxe5 Qxe5 13. Nd2 O-O 14. Nf3 Qe7
15. Nd4 Bd7 16. Qb1 Bc6 17. Bf3 Ne4 18. Bxe4 Qxe4 19. Rc1 Rfc8 20. Nxc6 bxc6
21. c4 Qxb1 22. Raxb1 dxc4 23. Rxc4 Rab8 24. Rbc1 g6 25. e4 Rb3 26. a4 c5 27.
g3 Ra3 28. Kg2 a5 29. Rb1 Rd3 30. Rb5 Rd4 31. Rxd4 cxd4 32. Rxa5 d3 33. Rd5 Rc4
34. a5 Ra4 35. Kf3 d2 36. Ke2 Ra2 37. f4 Kf8 38. Rd8+ Ke7 39. Ra8 h5 40. a6 f6
41. a7 d1=Q+ 42. Kxd1 Rxh2 43. Rg8 Rh1+ 44. Ke2 Rh2+ 45. Kf3 Ra2 46. a8=Q Rxa8
47. Rxa8 1-0

[Event "XXXI Memorial Edoardo Crespi B"]
[Site "Milano ITA"]
[Date "2010.12.04"]
[Round "1"]
[White "Primerano, Carlo"]
[Black "Guzzetti, Luigi Enrico"]
[Result "0-1"]
[WhiteElo "1763"]
[BlackElo "1889"]
[PlyCount "36"]
[EventDate "2010.12.04"]

1. d4 Nf6 2. c4 g6 3. Nc3 Bg7 4. e4 d6 5. f3 O-O 6. Be3 c6 7. Bd3 Nbd7 8. Nh3
a6 9. Nf2 b5 10. c5 dxc5 11. dxc5 Qa5 12. O-O Ne5 13. Qc2 Be6 14. Rab1 b4 15.
Na4 Bxa2 16. Ra1 b3 17. Qc3 Qxa4 18. Qxe5 Nd5 0-1

[Event "XXXI Memorial Edoardo Crespi B"]
[Site "Milano ITA"]
[Date "2010.12.04"]
[Round "1"]
[White "Ranfagni, Stefano"]
[Black "Cattaneo, Marco"]
[Result "0-1"]
[WhiteElo "2003"]
[BlackElo "1852"]
[PlyCount "112"]
[EventDate "2010.12.04"]

1. e4 c5 2. Nc3 Nc6 3. g3 g6 4. Bg2 Bg7 5. d3 e6 6. Be3 d6 7. Qd2 Rb8 8. f4
Nge7 9. Nf3 b5 10. O-O O-O 11. Rab1 b4 12. Ne2 a5 13. g4 f5 14. h3 Ba6 15. Ng5
Qd7 16. exf5 exf5 17. gxf5 Nxf5 18. Bd5+ Kh8 19. Ne6 Rfe8 20. Nxg7 Nxe3 21.
Nxe8 Nxd5 22. c4 bxc3 23. Nxc3 Nce7 24. f5 gxf5 25. Qg2 Rxe8 26. Nxd5 Rg8 27.
Qxg8+ Nxg8 28. Nf4 Ne7 29. Rbe1 Ng6 30. Nh5 Ne5 31. Re3 Bxd3 32. Rf2 Qf7 33.
Nf4 Be4 34. Rb3 c4 35. Rb8+ Kg7 36. Rc8 Nd3 37. Rc7 Qxc7 38. Ne6+ Kf6 39. Nxc7
Nxf2 40. Kxf2 Ke5 41. Nb5 d5 42. Nc3 d4 43. Ne2 Bd3 44. Ng1 c3 45. bxc3 dxc3
46. Ke3 Bb1 47. a3 f4+ 48. Ke2 Ke4 49. h4 Bd3+ 50. Ke1 Ke3 51. Kd1 f3 52. Nh3
f2 53. Nxf2 Kxf2 54. h5 Be2+ 55. Kc2 Bxh5 56. Kxc3 Bf3 0-1

[Event "XXXI Memorial Edoardo Crespi B"]
[Site "Milano ITA"]
[Date "2010.12.04"]
[Round "1"]
[White "Reale, Simone"]
[Black "Merlotti, Marco"]
[Result "1-0"]
[WhiteElo "1907"]
[BlackElo "1797"]
[PlyCount "85"]
[EventDate "2010.12.04"]

1. d4 d5 2. c4 c6 3. cxd5 cxd5 4. Nf3 Nf6 5. Nc3 Nc6 6. Bf4 a6 7. e3 Bg4 8. Bd3
e6 9. O-O Bd6 10. Bg3 Bxg3 11. hxg3 O-O 12. Na4 Nb4 13. Be2 Bxf3 14. gxf3 Nd7
15. Qb3 b5 16. Qxb4 bxa4 17. Qxa4 Nb6 18. Qa5 Qb8 19. b3 Rc8 20. Rfc1 Qd6 21.
Rxc8+ Nxc8 22. Rc1 Ne7 23. Qc5 Qxc5 24. dxc5 Nc6 25. Kf1 Kf8 26. Ke1 Ke7 27.
Kd2 Kd7 28. Kc3 a5 29. Bb5 Rb8 30. Ba4 Kc7 31. a3 h5 32. Rb1 g5 33. Rh1 Rh8 34.
Bxc6 Kxc6 35. b4 h4 36. Rh3 Kb5 37. f4 axb4+ 38. axb4 hxg3 39. Rxg3 gxf4 40.
exf4 Ra8 41. Rg7 Ra4 42. Rxf7 Rxb4 43. Rb7+ 1-0

[Event "XXXI Memorial Edoardo Crespi B"]
[Site "Milano ITA"]
[Date "2010.12.04"]
[Round "1"]
[White "Revinelli, Sergio"]
[Black "Attuati, Stefano"]
[Result "1-0"]
[WhiteElo "1842"]
[BlackElo "1987"]
[PlyCount "77"]
[EventDate "2010.12.04"]

1. e4 e6 2. d4 d5 3. Nd2 Be7 4. Bd3 c5 5. dxc5 Nf6 6. exd5 exd5 7. Ne2 Nbd7 8.
Nb3 O-O 9. Ng3 Nxc5 10. Nxc5 Bxc5 11. O-O Ng4 12. Bf4 Qh4 13. Nh1 Nxf2 14. Nxf2
Qxf4 15. Qh5 f5 16. g3 Qc7 17. Kg2 g6 18. Qh6 f4 19. Ne4 f3+ 20. Rxf3 Rxf3 21.
Nxc5 Rf8 22. Nb3 Qg7 23. Qe3 Bf5 24. Bxf5 Rxf5 25. Re1 Raf8 26. Nd4 Rf2+ 27.
Kg1 Qf6 28. Qe6+ Qxe6 29. Rxe6 Rf1+ 30. Kg2 R8f2+ 31. Kh3 Rh1 32. Re5 Rfxh2+
33. Kg4 Rd1 34. Rxd5 Rhd2 35. c3 h5+ 36. Kg5 Rg1 37. Kxg6 Rxg3+ 38. Kf6 Rf2+
39. Nf5 $139 1-0

[Event "XXXI Memorial Edoardo Crespi B"]
[Site "Milano ITA"]
[Date "2010.12.04"]
[Round "1"]
[White "Riccio, Luigi"]
[Black "Alidosi, Marco"]
[Result "1/2-1/2"]
[WhiteElo "1929"]
[BlackElo "1811"]
[PlyCount "66"]
[EventDate "2010.12.04"]

1. e4 e6 2. d3 d5 3. Nd2 g6 4. Ngf3 Bg7 5. g3 Ne7 6. Bg2 c5 7. O-O O-O 8. Re1
Nbc6 9. c3 b6 10. Nb3 Bb7 11. exd5 Nxd5 12. d4 c4 13. Nbd2 b5 14. Ne4 Qc7 15.
Rb1 Rac8 16. Qe2 Nb8 17. Nc5 Nd7 18. Nxb7 Qxb7 19. Ng5 Rce8 20. Qf3 Qc7 21. Bd2
h6 22. Nh3 N7b6 23. Nf4 Qd7 24. Nxd5 Nxd5 25. g4 Rc8 26. Qe2 a5 27. f4 Rfe8 28.
Be4 Kh8 29. Qf3 f5 30. gxf5 gxf5 31. Bxd5 exd5 32. Kh1 Qf7 33. Rg1 Rc7 1/2-1/2

[Event "XXXI Memorial Edoardo Crespi B"]
[Site "Milano ITA"]
[Date "2010.12.04"]
[Round "1"]
[White "Velluti, Alberto"]
[Black "Papa, Angelo"]
[Result "1-0"]
[WhiteElo "1947"]
[BlackElo "1823"]
[PlyCount "71"]
[EventDate "2010.12.04"]

1. e4 g6 2. d4 Bg7 3. Nc3 c6 4. Be3 Qb6 5. Rb1 d6 6. Nf3 Nf6 7. h3 Qc7 8. Be2
Nbd7 9. O-O O-O 10. Qd2 b5 11. Bd3 Bb7 12. Rbe1 e5 13. Bh6 Rfe8 14. dxe5 Nxe5
15. Nxe5 dxe5 16. Bg5 a6 17. Qe3 Rac8 18. Rd1 Nd7 19. a3 Nf8 20. Be2 f6 21. Bh4
Rcd8 22. Bg4 h5 23. Bf3 Ne6 24. Ne2 c5 25. Nc3 Nd4 26. Ne2 Nxc2 27. Qb3+ c4 28.
Qxc2 Bc8 29. Nc3 g5 30. Bg3 g4 31. hxg4 hxg4 32. Be2 Qf7 33. Rxd8 Rxd8 34. Rd1
Rxd1+ 35. Qxd1 Be6 36. Bxg4 1-0

[Event "XXXI Memorial Edoardo Crespi B"]
[Site "Milano ITA"]
[Date "2010.12.04"]
[Round "1"]
[White "Viale, Fabio"]
[Black "Pierandrei, Cristiano"]
[Result "1/2-1/2"]
[WhiteElo "1822"]
[BlackElo "1941"]
[PlyCount "82"]
[EventDate "2010.12.04"]

1. d4 d5 2. c4 c6 3. Nc3 Nf6 4. Nf3 dxc4 5. a4 Bf5 6. Ne5 Nbd7 7. Nxc4 Nb6 8.
e3 Nxc4 9. Bxc4 e6 10. O-O Bb4 11. Bd2 a5 12. Qb3 Qc7 13. f3 O-O 14. e4 Bg6 15.
Be3 Nd7 16. Rac1 Rac8 17. Rfd1 Bd6 18. h3 h6 19. Bd3 Qb8 20. Rf1 Bf4 21. Bxf4
Qxf4 22. Rfe1 c5 23. d5 Ne5 24. Bb1 c4 25. Qb6 Qg3 26. Qf2 Qxf2+ 27. Kxf2 exd5
28. Nxd5 Rfe8 29. f4 Nd7 30. Rcd1 f6 31. Rd4 Bf7 32. Rc1 Bxd5 33. exd5 Rcd8 34.
Rcxc4 Rc8 35. Bf5 Rxc4 36. Rxc4 Nb6 37. Rd4 Rd8 38. Be6+ Kf8 39. f5 Ke7 40. Ke3
Kd6 41. Ke4 Nd7 1/2-1/2

[Event "XXXI Memorial Edoardo Crespi B"]
[Site "Milano ITA"]
[Date "2010.12.04"]
[Round "1"]
[White "Villalba, Fernando"]
[Black "Colica, Daniele"]
[Result "1/2-1/2"]
[WhiteElo "1889"]
[BlackElo "1753"]
[PlyCount "83"]
[EventDate "2010.12.04"]

1. d4 Nf6 2. Nf3 e6 3. Bf4 Nd5 4. Bg3 c5 5. e4 Nb6 6. d5 d6 7. dxe6 fxe6 8. Nc3
a6 9. Be2 Be7 10. O-O O-O 11. a4 e5 12. a5 N6d7 13. Nd5 Nc6 14. Bc4 Kh8 15.
Nxe7 Qxe7 16. Bh4 Nf6 17. c3 Be6 18. Be2 Rad8 19. Qc2 Qc7 20. Ng5 Bg8 21. Rfd1
h6 22. Nf3 Rd7 23. Bg3 Nxa5 24. Nh4 Bh7 25. f3 Nh5 26. Bf2 Nf4 27. Bf1 Rdf7 28.
Qd2 Nb3 29. Qc2 Nxa1 30. Rxa1 g5 31. Nf5 Bxf5 32. exf5 Rxf5 33. Bg3 Nh5 34. Bd3
Nxg3 35. hxg3 R5f6 36. g4 c4 37. Be4 Qc5+ 38. Kh2 a5 39. Bf5 h5 40. Re1 hxg4
41. Bxg4 Rh6+ 42. Kg3 1/2-1/2

[Event "XXXI Memorial Edoardo Crespi B"]
[Site "Milano ITA"]
[Date "2010.12.05"]
[Round "2"]
[White "Arboscelli, Gregorio"]
[Black "Bosi, Clint"]
[Result "0-1"]
[WhiteElo "1906"]
[BlackElo "2049"]
[PlyCount "40"]
[EventDate "2010.12.04"]

1. Nf3 f5 2. d4 Nf6 3. c4 g6 4. Nc3 Bg7 5. Qc2 d6 6. e4 O-O 7. Bd3 Nc6 8. a3
fxe4 9. Nxe4 Nxe4 10. Bxe4 Nxd4 11. Nxd4 Bxd4 12. O-O Bf5 13. Bh6 Rf7 14. Bxf5
Rxf5 15. Rad1 e5 16. Qb3 b6 17. c5+ d5 18. cxb6 axb6 19. Be3 c5 20. f4 c4 0-1

[Event "XXXI Memorial Edoardo Crespi B"]
[Site "Milano ITA"]
[Date "2010.12.05"]
[Round "2"]
[White "Attuati, Stefano"]
[Black "Guidi, Giacomo G."]
[Result "0-1"]
[WhiteElo "1987"]
[BlackElo "1996"]
[PlyCount "62"]
[EventDate "2010.12.04"]

1. e4 c5 2. Nf3 Nc6 3. d4 cxd4 4. Nxd4 Nf6 5. Nc3 e5 6. Ndb5 d6 7. a4 a6 8. Na3
Be6 9. Bg5 Be7 10. Bxf6 Bxf6 11. Bc4 O-O 12. O-O Bg5 13. Nd5 Kh8 14. c3 g6 15.
Nc2 Rb8 16. Qd3 f5 17. f3 fxe4 18. fxe4 Rxf1+ 19. Rxf1 Bxd5 20. Qxd5 Qb6+ 21.
Kh1 Qxb2 22. h4 Be7 23. Ne3 Qxc3 24. Ng4 Qd4 25. Qe6 Qxe4 26. Bd5 Qd3 27. Rf7
Qg3 28. Rxe7 Qxh4+ 29. Kg1 Qxe7 30. Nf6 Qxe6 31. Bxe6 Nd4 0-1

[Event "XXXI Memorial Edoardo Crespi B"]
[Site "Milano ITA"]
[Date "2010.12.05"]
[Round "2"]
[White "Bernago, Federico"]
[Black "Regorda, Vittorio"]
[Result "1-0"]
[WhiteElo "1955"]
[BlackElo "1881"]
[PlyCount "99"]
[EventDate "2010.12.04"]

1. e4 e5 2. Nf3 d6 3. d4 exd4 4. Nxd4 Be7 5. Nc3 Nf6 6. Be2 O-O 7. g4 Nc6 8.
Nf5 Bxf5 9. gxf5 Nd7 10. Be3 Bh4 11. Qd2 Nde5 12. O-O-O Na5 13. Rhg1 Nac4 14.
Bxc4 Nf3 15. Qe2 Nxg1 16. Rxg1 c6 17. Bh6 g6 18. fxg6 hxg6 19. Bxf8 Kxf8 20.
Qf3 Qf6 21. Qxf6 Bxf6 22. Ne2 b5 23. Bd3 c5 24. c3 c4 25. Bc2 a5 26. Nf4 Rb8
27. Nd5 Bd8 28. f4 Kg7 29. a3 Bh4 30. Rg2 f6 31. Kd1 g5 32. f5 Kf7 33. Rd2 Rb7
34. Ne3 Ke7 35. Ng2 Kd7 36. Nxh4 gxh4 37. Rg2 Kc6 38. e5 Kd5 39. e6 Re7 40. Rg4
Rh7 41. Ke2 Ke5 42. Kf3 d5 43. Rg8 b4 44. Rd8 b3 45. Bb1 a4 46. Ra8 Kd6 47.
Ra6+ Kc5 48. Rxa4 Rg7 49. Ra8 Rg1 50. e7 1-0

[Event "XXXI Memorial Edoardo Crespi B"]
[Site "Milano ITA"]
[Date "2010.12.05"]
[Round "2"]
[White "Bisignano, Giuseppe"]
[Black "Dogic, Mirhad"]
[Result "1-0"]
[WhiteElo "1898"]
[BlackElo "1800"]
[PlyCount "78"]
[EventDate "2010.12.04"]

1. e4 g6 2. d4 Bg7 3. f4 e6 4. Nf3 Nf6 5. Nc3 O-O 6. e5 Nd5 7. Nxd5 exd5 8. Bd3
d6 9. O-O Bg4 10. h3 Bxf3 11. Qxf3 dxe5 12. fxe5 c6 13. Bd2 Nd7 14. c4 Qb6 15.
Be3 Qa6 16. Qe2 Qa5 17. b4 Qd8 18. c5 b5 19. Qg4 Re8 20. Rae1 Nf8 21. Bg5 Qd7
22. Qh4 a5 23. bxa5 Rxa5 24. Re2 Ra4 25. Bf6 Ne6 26. Ref2 Rxd4 27. Qg3 Rf8 28.
Bxg7 Nxg7 29. Rf6 Nh5 30. Qe3 Ra4 31. e6 Nxf6 32. exd7 Nxd7 33. Qe7 Nb8 34. h4
Rd4 35. Rf3 Rg4 36. h5 gxh5 37. Rh3 Rg7 38. Rxh5 f6 39. Bxh7+ Kh8 1-0

[Event "XXXI Memorial Edoardo Crespi B"]
[Site "Milano ITA"]
[Date "2010.12.05"]
[Round "2"]
[White "Bonassi, Tommaso"]
[Black "Ranfagni, Stefano"]
[Result "1-0"]
[WhiteElo "1819"]
[BlackElo "2003"]
[PlyCount "87"]
[EventDate "2010.12.04"]

1. e4 e5 2. Bc4 Nf6 3. d3 Nc6 4. Nf3 Bc5 5. c3 O-O 6. O-O h6 7. b4 Bd6 8. Re1
a6 9. a4 Re8 10. Qb3 Qe7 11. Nh4 Kh8 12. Bxf7 Qd8 13. Bxe8 Qxe8 14. Re3 Ne7 15.
Rf3 Qh5 16. Nf5 Nxf5 17. exf5 e4 18. Rh3 Qe2 19. Re3 Bxh2+ 20. Kxh2 Ng4+ 21.
Kg3 Qxf2+ 22. Kxg4 d5 23. Qxd5 h5+ 24. Kh3 Bxf5+ 25. Kh2 Rf8 26. dxe4 Qf4+ 27.
Kg1 Bg4 28. Qd3 Rf7 29. Bd2 Qf2+ 30. Kh2 Rd7 31. Qc4 Rf7 32. Rg3 Rf3 33. Qxc7
Rf7 34. Qd8+ Kh7 35. Qh4 Bd1 36. Be3 Qb2 37. Ra3 Qxb1 38. c4 Qxb4 39. Rd3 Be2
40. Rd4 Qb1 41. e5 g6 42. e6 Rf1 43. Qe7+ Kg8 44. Rd8+ 1-0

[Event "XXXI Memorial Edoardo Crespi B"]
[Site "Milano ITA"]
[Date "2010.12.05"]
[Round "2"]
[White "Cardani, Roberto"]
[Black "Revinelli, Sergio"]
[Result "1-0"]
[WhiteElo "1933"]
[BlackElo "1842"]
[PlyCount "125"]
[EventDate "2010.12.04"]

1. e4 e5 2. Nf3 Nc6 3. Bb5 f5 4. Nc3 fxe4 5. Nxe4 d5 6. Nxe5 dxe4 7. Nxc6 Qg5
8. Qe2 Nf6 9. f4 Qxf4 10. Ne5+ c6 11. d4 Qh4+ 12. g3 Qh3 13. Bc4 Be6 14. Bg5
Bd6 15. O-O-O O-O-O 16. Bxe6+ Qxe6 17. Qc4 Rhe8 18. Qxe6+ Rxe6 19. Nf7 Rde8 20.
Nxd6+ Rxd6 21. Bxf6 gxf6 22. c3 b5 23. Kd2 c5 24. Ke3 cxd4+ 25. Rxd4 Rxd4 26.
cxd4 Re6 27. Rf1 a5 28. Rf5 Rb6 29. Kxe4 a4 30. d5 b4 31. Kd4 b3 32. a3 Kb7 33.
Kc5 Ka6 34. Rf4 Rb5+ 35. Kc4 Rb6 36. Kc3 Ka5 37. Rf5 Ka6 38. Rf4 Ka5 39. Rc4
Rb8 40. Rc5+ Ka6 41. Rc6+ Kb5 42. Rxf6 Rc8+ 43. Rc6 Re8 44. Kd3 Re5 45. Kd4 Re2
46. Rc5+ Kb6 47. Rc4 Ka5 48. Kc5 Rxb2 49. d6 Rd2 50. Rb4 b2 51. Kc6 Rc2+ 52.
Kb7 Rd2 53. Kc7 Rc2+ 54. Kd8 Rd2 55. d7 Rc2 56. h3 Rc3 57. Rxb2 Rxa3 58. Rd2
Rxg3 59. Ke7 Rg7+ 60. Kf8 Rxd7 61. Rxd7 a3 62. h4 Kb4 63. h5 1-0

[Event "XXXI Memorial Edoardo Crespi B"]
[Site "Milano ITA"]
[Date "2010.12.05"]
[Round "2"]
[White "Cattaneo, Marco"]
[Black "Di Lascio, Savino"]
[Result "1-0"]
[WhiteElo "1852"]
[BlackElo "1940"]
[PlyCount "85"]
[EventDate "2010.12.04"]

1. d4 Nf6 2. Nf3 b6 3. c4 e6 4. a3 Bb7 5. Nc3 Be7 6. d5 d6 7. e4 e5 8. Be2 O-O
9. O-O h6 10. Ne1 c6 11. dxc6 Bxc6 12. f3 Nh5 13. Be3 Bg5 14. Bf2 Nf4 15. Nd3
Nxe2+ 16. Qxe2 Nd7 17. Nb4 Bb7 18. Nbd5 Nc5 19. b4 Ne6 20. Rad1 Rc8 21. Qd3 Re8
22. Ne3 Bxe3 23. Bxe3 Qc7 24. Nb5 Qxc4 25. Qxc4 Rxc4 26. Nxd6 Rc3 27. Bd2 Rd3
28. Nxe8 Kf8 29. Nxg7 Nxg7 30. Bxh6 Rxa3 31. Rd8+ Ke7 32. Rfd1 Kf6 33. Bxg7+
Kxg7 34. h4 Ba6 35. R8d5 Bc4 36. Rxe5 Rb3 37. Rg5+ Kh7 38. Rd8 Rxb4 39. Rdg8 a5
40. R5g7+ Kh6 41. g4 Rb1+ 42. Kh2 f6 43. g5+ 1-0

[Event "XXXI Memorial Edoardo Crespi B"]
[Site "Milano ITA"]
[Date "2010.12.05"]
[Round "2"]
[White "Ciciotti, Augusto"]
[Black "Baccarin, Stefano"]
[Result "1-0"]
[WhiteElo "1909"]
[BlackElo "1810"]
[PlyCount "79"]
[EventDate "2010.12.04"]

1. d4 Nf6 2. c4 g6 3. Nc3 Bg7 4. e4 d6 5. Nf3 O-O 6. Be2 e5 7. O-O Nc6 8. d5
Ne7 9. b4 Nh5 10. Re1 f5 11. Ng5 Nf6 12. Ne6 Bxe6 13. dxe6 fxe4 14. Bf1 Nf5 15.
Nxe4 Nxe4 16. Rxe4 Qe7 17. c5 dxc5 18. Ba3 Rad8 19. Qa4 Nd6 20. Ree1 Rf4 21.
Qb3 c4 22. Qc2 Qxe6 23. Bc1 Rf5 24. a4 Kh8 25. Ra3 Rdf8 26. Be3 e4 27. g3 c3
28. Bh3 Nc4 29. Rxc3 Bxc3 30. Qxc3+ Qf6 31. Bd4 Ne5 32. Kh1 Kg8 33. Rxe4 Rf3
34. Qc5 Qc6 35. Qxe5 R3f6 36. Be6+ Kg7 37. Bd5 Qc1+ 38. Re1 Qd2 39. Qe7+ Kh8
40. Qxf8# 1-0

[Event "XXXI Memorial Edoardo Crespi B"]
[Site "Milano ITA"]
[Date "2010.12.05"]
[Round "2"]
[White "Colica, Daniele"]
[Black "Franco, Alessandro P."]
[Result "0-1"]
[WhiteElo "1753"]
[BlackElo "1906"]
[PlyCount "122"]
[EventDate "2010.12.04"]

1. e4 Nf6 2. d3 e5 3. Nf3 Nc6 4. g3 Bc5 5. Bg2 O-O 6. O-O d5 7. Nbd2 Be6 8. h3
Qd7 9. Ng5 Rad8 10. c3 a5 11. Qe2 Rfe8 12. Nb3 Bb6 13. Be3 d4 14. Nxe6 Rxe6 15.
cxd4 Bxd4 16. Rfd1 a4 17. Nc5 Bxc5 18. Bxc5 Nd4 19. Bxd4 Qxd4 20. Rac1 Qd7 21.
Rc3 Ne8 22. h4 Rd6 23. Bf3 Rd4 24. Bg4 Qd6 25. Bh3 b5 26. Bf1 b4 27. Rc2 Nf6
28. f3 Qb6 29. Qf2 Nd7 30. Rdc1 c5 31. Rc4 a3 32. b3 f6 33. Rxd4 cxd4 34. Rc4
Kf7 35. Qc2 Ke7 36. Rc6 Qb5 37. Bh3 h6 38. Be6 Nb8 39. Rc5 Qb6 40. Bh3 Na6 41.
Rc6 Qb7 42. Qc4 Rd6 43. Rxd6 Kxd6 44. Qe6+ Kc7 45. Qd7+ Kb6 46. Qxb7+ Kxb7 47.
Kf2 Nc7 48. Bd7 Kb6 49. f4 Kc5 50. Kf3 Kd6 51. Ba4 f5 52. fxe5+ Kxe5 53. Bc6
fxe4+ 54. dxe4 Ne6 55. Bb7 Nc5 56. Bc6 Nd3 57. Ke2 Nc1+ 58. Kd2 Nxa2 59. Kc2
Nc3 60. Bb7 a2 61. Kb2 d3 0-1

[Event "XXXI Memorial Edoardo Crespi B"]
[Site "Milano ITA"]
[Date "2010.12.05"]
[Round "2"]
[White "De Santis, Massimo"]
[Black "Viale, Fabio"]
[Result "1-0"]
[WhiteElo "1914"]
[BlackElo "1822"]
[PlyCount "83"]
[EventDate "2010.12.04"]

1. e4 c6 2. d4 d5 3. e5 c5 4. c3 e6 5. Nf3 Nc6 6. Be2 cxd4 7. cxd4 Qb6 8. O-O
Nge7 9. Nc3 Bd7 10. Na4 Qc7 11. Nc5 Nf5 12. Nxd7 Qxd7 13. Be3 Be7 14. Bd3 Nxe3
15. fxe3 f5 16. exf6 Bxf6 17. a3 O-O 18. Qd2 Rae8 19. Rad1 a6 20. b4 Qd6 21.
Bb1 Rd8 22. Qd3 g6 23. Rd2 Ne7 24. Ba2 Kh8 25. Rfd1 Bg7 26. e4 Qf4 27. Re2 Ng8
28. exd5 exd5 29. Rde1 Nh6 30. Qe3 Qxe3+ 31. Rxe3 Nf5 32. Rd3 Rd7 33. Ne5 Re7
34. Bxd5 Bxe5 35. Rxe5 Rxe5 36. dxe5 Rd8 37. Kf2 b6 38. Kf3 Ne7 39. Ke4 Kg7 40.
Bb7 Rxd3 41. Kxd3 a5 42. Kc4 1-0

[Event "XXXI Memorial Edoardo Crespi B"]
[Site "Milano ITA"]
[Date "2010.12.05"]
[Round "2"]
[White "Deghi, Donatello"]
[Black "Cerioni, Armando"]
[Result "1/2-1/2"]
[WhiteElo "1791"]
[BlackElo "1986"]
[PlyCount "77"]
[EventDate "2010.12.04"]

1. d4 d6 2. Nf3 f5 3. c4 Nf6 4. Nc3 g6 5. Bg5 Bg7 6. h3 O-O 7. Qc2 c5 8. d5 Qa5
9. Bd2 Qb6 10. e3 e5 11. dxe6 Bxe6 12. Bd3 Nc6 13. a3 Ne5 14. Nxe5 dxe5 15. O-O
Rad8 16. Rfd1 e4 17. Bf1 Nd7 18. Rab1 Ne5 19. b3 Nd3 20. Na4 Qc7 21. Bc3 Ne5
22. Rxd8 Rxd8 23. Rd1 b6 24. Nb2 Rxd1 25. Nxd1 Qd7 26. a4 Nc6 27. Be2 Nb4 28.
Qb2 Bxc3 29. Qxc3 Qg7 30. Qxg7+ Kxg7 31. Nc3 Kf6 32. Kf1 Bd7 33. h4 Bc6 34. g3
Bb7 35. Ke1 h6 36. Kd2 Ke5 37. Nb1 g5 38. hxg5 hxg5 39. Kc3 1/2-1/2

[Event "XXXI Memorial Edoardo Crespi B"]
[Site "Milano ITA"]
[Date "2010.12.05"]
[Round "2"]
[White "Gongalov, Bojan"]
[Black "Nepi, Ezio"]
[Result "1-0"]
[WhiteElo "2026"]
[BlackElo "1904"]
[PlyCount "125"]
[EventDate "2010.12.04"]

1. d4 d5 2. c4 c6 3. g3 Nf6 4. Nf3 Bf5 5. Nc3 e6 6. Bg2 h6 7. O-O Nbd7 8. Ne5
Be7 9. h3 O-O 10. Bf4 Bh7 11. Rc1 Re8 12. Nxd7 Qxd7 13. Be5 Qd8 14. Qa4 Nd7 15.
cxd5 exd5 16. Nxd5 cxd5 17. Bc7 Nb6 18. Qb3 Qd7 19. Bxb6 axb6 20. Bxd5 Bf6 21.
Qf3 Re7 22. e4 Qxh3 23. e5 Bg5 24. Rc3 Rd8 25. Bxb7 Qd7 26. Be4 Bxe4 27. Qxe4
Ree8 28. Rd1 Qd5 29. Qxd5 Rxd5 30. f4 Be7 31. Kg2 Red8 32. Kf3 Rxd4 33. Rxd4
Rxd4 34. Rc8+ Rd8 35. Rc6 Bc5 36. a3 Rd3+ 37. Ke4 Rb3 38. Rc8+ Bf8 39. f5 Rxb2
40. e6 fxe6 41. fxe6 g6 42. Ke5 Kg7 43. Rc7+ Kg8 44. Kf6 Re2 45. a4 Re3 46. Rc8
Rf3+ 47. Ke5 Re3+ 48. Kd5 Kg7 49. Rc7+ Kg8 50. g4 h5 51. g5 h4 52. Rb7 h3 53.
Rxb6 h2 54. Rb1 Rh3 55. Rh1 Be7 56. a5 Bxg5 57. Ke5 Be3 58. Kf6 Bg1 59. e7 Re3
60. a6 Re2 61. Rxh2 Bxh2 62. a7 Be5+ 63. Kxg6 1-0

[Event "XXXI Memorial Edoardo Crespi B"]
[Site "Milano ITA"]
[Date "2010.12.05"]
[Round "2"]
[White "Guidi, Paolo"]
[Black "Cimo', Alessandro"]
[Result "1-0"]
[WhiteElo "1874"]
[BlackElo "1792"]
[PlyCount "43"]
[EventDate "2010.12.04"]

1. Nf3 d5 2. d4 e6 3. e3 c5 4. b3 Nf6 5. Bd3 cxd4 6. exd4 Nc6 7. a3 Bd6 8. O-O
h6 9. Re1 Qc7 10. Bb2 b6 11. c4 Bb7 12. Nc3 Ne7 13. Ne5 a6 14. Rc1 Qb8 15. Bb1
O-O 16. Qd3 g6 17. Rcd1 dxc4 18. bxc4 Bxe5 19. dxe5 Nh5 20. Qe3 Nc6 21. g4 Ng7
22. Ne4 1-0

[Event "XXXI Memorial Edoardo Crespi B"]
[Site "Milano ITA"]
[Date "2010.12.05"]
[Round "2"]
[White "Guzzetti, Luigi Enrico"]
[Black "Orsi, Matteo"]
[Result "1-0"]
[WhiteElo "1889"]
[BlackElo "1954"]
[PlyCount "103"]
[EventDate "2010.12.04"]

1. e4 c6 2. d4 d5 3. Nc3 dxe4 4. Nxe4 Bf5 5. Ng3 Bg6 6. Nf3 Nd7 7. Bd3 Ngf6 8.
O-O Qc7 9. Re1 e6 10. c4 Be7 11. Bg5 Bxd3 12. Qxd3 O-O 13. Rac1 h6 14. Bd2 Rfe8
15. b4 Rad8 16. Qb3 Qb8 17. a4 g5 18. Qc2 Bf8 19. Ne5 Nxe5 20. dxe5 Nh7 21. Bc3
Be7 22. Ne4 Nf8 23. c5 Rd5 24. Nd6 Rd8 25. Qe4 f5 26. exf6 Bxd6 27. cxd6 Qxd6
28. Qf3 Rd7 29. Qh5 Kh7 30. g3 Ng6 31. Qg4 e5 32. Qf5 Rf7 33. f4 gxf4 34. gxf4
Rxf6 35. Qc8 Nxf4 36. Qxb7+ Kg6 37. Qa6 Nh3+ 38. Kh1 Rd3 39. Qc4 Nf2+ 40. Kg2
Qd7 41. Qg8+ Kh5 42. Rxe5+ Rf5 43. Rxf5+ Qxf5 44. Qe8+ Kh4 45. Qe7+ Kg4 46.
Qe2+ Rf3 47. Rf1 Qh5 48. Rxf2 Qh3+ 49. Kh1 Kf4 50. Rxf3+ Qxf3+ 51. Qxf3+ Kxf3
52. Bd4 1-0

[Event "XXXI Memorial Edoardo Crespi B"]
[Site "Milano ITA"]
[Date "2010.12.05"]
[Round "2"]
[White "Hatipoglu, Metin"]
[Black "Primerano, Carlo"]
[Result "1-0"]
[WhiteElo "1832"]
[BlackElo "1763"]
[PlyCount "71"]
[EventDate "2010.12.04"]

1. e4 c5 2. Nf3 e6 3. d4 cxd4 4. Nxd4 Nc6 5. Be3 a6 6. c3 Nf6 7. Nd2 Qc7 8. Be2
b5 9. O-O Bb7 10. f3 Be7 11. a4 b4 12. N2b3 bxc3 13. bxc3 Ne5 14. Rc1 O-O 15.
c4 Ng6 16. c5 Rfd8 17. Qe1 Bc6 18. Nxc6 dxc6 19. Na5 Rd7 20. Nc4 Nf4 21. Nb6
Nxe2+ 22. Qxe2 Rad8 23. Nxd7 Nxd7 24. Qxa6 Ne5 25. Rfd1 h5 26. Qb6 Qc8 27.
Rxd8+ Bxd8 28. Qb3 h4 29. Kf2 h3 30. g3 Qa6 31. Rd1 Bf6 32. Bd4 Nd7 33. Bxf6
Nxf6 34. Rd8+ Kh7 35. Qd3 Qxd3 36. Rxd3 1-0

[Event "XXXI Memorial Edoardo Crespi B"]
[Site "Milano ITA"]
[Date "2010.12.05"]
[Round "2"]
[White "Kimbin, Richard Conrod"]
[Black "Olivo, Mario"]
[Result "1-0"]
[WhiteElo "1928"]
[BlackElo "1818"]
[PlyCount "84"]
[EventDate "2010.12.04"]

1. Nf3 d5 2. d3 Nf6 3. g3 c6 4. Bg2 Nbd7 5. Nbd2 e5 6. e4 dxe4 7. dxe4 Qc7 8.
Qe2 b5 9. O-O a6 10. Nb3 Bb7 11. a4 Be7 12. Nh4 O-O 13. Nf5 Nc5 14. Nxe7+ Qxe7
15. Nxc5 Qxc5 16. Be3 Qe7 17. c3 Rfd8 18. Bb6 Rdb8 19. Rad1 h6 20. Rd2 Re8 21.
Rfd1 Qe6 22. Rd6 Qc4 23. Qxc4 bxc4 24. Bd8 Nh7 25. Bf1 c5 26. f3 Ng5 27. Bxg5
hxg5 28. Bxc4 Re7 29. Rg6 g4 30. Rxg4 Bc6 31. b3 Kf8 32. Rh4 Rea7 33. Rd6 Be8
34. Rh5 f6 35. Rh8+ Ke7 36. Re6+ Kd7 37. Rg8 Bf7 38. Rxg7 Rf8 39. Rxf6 Ke8 40.
Rgxf7 Rfxf7 41. Rxf7 Rxf7 42. Bxf7+ Kxf7 1-0